<?xml version="1.0" encoding="UTF-8"?>
<collection xmlns="http://www.loc.gov/MARC21/slim">
    <record>
        <controlfield tag="001">75411</controlfield>
        <controlfield tag="005">20181009125308.0</controlfield>
        <datafield tag="024" ind1="8" ind2=" ">
            <subfield code="2">sideral</subfield>
            <subfield code="a">107911</subfield>
        </datafield>
        <datafield tag="037" ind1=" " ind2=" ">
            <subfield code="a">ART-2013-107911</subfield>
        </datafield>
        <datafield tag="041" ind1=" " ind2=" ">
            <subfield code="a">spa</subfield>
        </datafield>
        <datafield tag="100" ind1=" " ind2=" ">
            <subfield code="0">(orcid)0000-0002-3776-2901</subfield>
            <subfield code="a">Peñarrubia Lozano, Carlos</subfield>
            <subfield code="u">Universidad de Zaragoza</subfield>
        </datafield>
        <datafield tag="245" ind1=" " ind2=" ">
            <subfield code="a">Evolución de las actividades en el medio natural en el ámbito educativo entre 1883 y 1989</subfield>
        </datafield>
        <datafield tag="260" ind1=" " ind2=" ">
            <subfield code="c">2013</subfield>
        </datafield>
        <datafield tag="506" ind1="0" ind2=" ">
            <subfield code="a">Access copy available to the general public</subfield>
            <subfield code="f">Unrestricted</subfield>
        </datafield>
        <datafield tag="520" ind1="3" ind2=" ">
            <subfield code="a">A pesar de los innumerables beneficios asociados a las Actividades en el medio natural, no es hasta el año 1990 cuando estas actividades se implantan como un bloque de contenidos de obligado cumplimiento en el ámbito educativo formal, como parte de la asignatura de educación Física. En este trabajo se exponen los antecedentes que han originado este hecho, mostrando la evolución que estas prácticas han experimentado a lo largo del sistema educativo español, desde 1883, fecha de creación de la Escuela Central de Profesores y Profesoras de Gimnástica. Para realizar este análisis, se han tenido en cuenta los siguientes aspectos: evolución de la propia asignatura de Educación Física; presencia de las actividades en el medio natural en el ámbito formal; y, finalmente, su presencia en el ámbito no formal.

Despite the many benefits associated to the outdoor activities, it is not until 1990 when these activities were implemented as part of the educational syllabus in physical education. This paper presents the background that has originated this, showing the evolution that these practices have experienced in the Spanish education system, since 1883, the date of creation of the Central School for Teachers of Gymnastics. To perform this analysis, the following aspects have been taken into account: development of Physical Education as a subject, presence of the outdoor activities in formal education, finally, its presence in non-formal education.</subfield>
        </datafield>
        <datafield tag="540" ind1=" " ind2=" ">
            <subfield code="9">info:eu-repo/semantics/openAccess</subfield>
            <subfield code="a">by</subfield>
            <subfield code="u">http://creativecommons.org/licenses/by/3.0/es/</subfield>
        </datafield>
        <datafield tag="655" ind1=" " ind2="4">
            <subfield code="a">info:eu-repo/semantics/article</subfield>
            <subfield code="v">info:eu-repo/semantics/publishedVersion</subfield>
        </datafield>
        <datafield tag="700" ind1=" " ind2=" ">
            <subfield code="0">(orcid)0000-0001-8951-3643</subfield>
            <subfield code="a">Guillén Correas, Roberto</subfield>
            <subfield code="u">Universidad de Zaragoza</subfield>
        </datafield>
        <datafield tag="700" ind1=" " ind2=" ">
            <subfield code="0">(orcid)0000-0002-4826-1766</subfield>
            <subfield code="a">Lapetra Costa, Susana</subfield>
            <subfield code="u">Universidad de Zaragoza</subfield>
        </datafield>
        <datafield tag="710" ind1="2" ind2=" ">
            <subfield code="1">3001</subfield>
            <subfield code="2">187</subfield>
            <subfield code="a">Universidad de Zaragoza</subfield>
            <subfield code="b">Dpto. Expres.Music.Plást.Corp.</subfield>
            <subfield code="c">Área Didáctica Expres.Corporal</subfield>
        </datafield>
        <datafield tag="710" ind1="2" ind2=" ">
            <subfield code="1">1006</subfield>
            <subfield code="2">245</subfield>
            <subfield code="a">Universidad de Zaragoza</subfield>
            <subfield code="b">Dpto. Fisiatría y Enfermería</subfield>
            <subfield code="c">Área Educación Física y Depor.</subfield>
        </datafield>
        <datafield tag="773" ind1=" " ind2=" ">
            <subfield code="g">15, 1 (2013), 64-79</subfield>
            <subfield code="p">Ágora educ. fís. deport.</subfield>
            <subfield code="t">Ágora para la educación física y el deporte</subfield>
            <subfield code="x">1578-2174</subfield>
        </datafield>
        <datafield tag="856" ind1="4" ind2="1">
            <subfield code="u">http://agora-revista.blogs.uva.es/files/2013/07/agora_15_1e_pe%C3%B1arrubia_et_al.pdf</subfield>
            <subfield code="z">Texto completo de la revista</subfield>
        </datafield>
        <datafield tag="856" ind1="4" ind2=" ">
            <subfield code="s">290467</subfield>
            <subfield code="u">http://zaguan.unizar.es/record/75411/files/texto_completo.pdf</subfield>
            <subfield code="y">Versión publicada</subfield>
        </datafield>
        <datafield tag="856" ind1="4" ind2=" ">
            <subfield code="s">63827</subfield>
            <subfield code="u">http://zaguan.unizar.es/record/75411/files/texto_completo.jpg?subformat=icon</subfield>
            <subfield code="x">icon</subfield>
            <subfield code="y">Versión publicada</subfield>
        </datafield>
        <datafield tag="909" ind1="C" ind2="O">
            <subfield code="o">oai:zaguan.unizar.es:75411</subfield>
            <subfield code="p">articulos</subfield>
            <subfield code="p">driver</subfield>
        </datafield>
        <datafield tag="951" ind1=" " ind2=" ">
            <subfield code="a">2018-10-09-11:41:18</subfield>
        </datafield>
        <datafield tag="980" ind1=" " ind2=" ">
            <subfield code="a">ARTICLE</subfield>
        </datafield>
    </record>

    
</collection>